Child poverty and social protection in Central and Western Africa (Record no. 78212)

MARC details
000 -LEADER
fixed length control field 01182nam a2200241 a 4500
008 - FIXED-LENGTH DATA ELEMENTS--GENERAL INFORMATION
fixed length control field 211203s2020 ||||||||||||||||| || u
020 ## - INTERNATIONAL STANDARD BOOK NUMBER
International Standard Book Number 9783838211763
050 ## - LIBRARY OF CONGRESS CALL NUMBER
Classification number HV 800 Neb
100 ## - MAIN ENTRY--PERSONAL NAME
Personal name Emeke-Anuna, Chinyere
245 10 - TITLE STATEMENT
Title Child poverty and social protection in Central and Western Africa
Statement of responsibility, etc. Edited by Gustave Nebie; Chinyere Emeka-Anuna; Felix Fofana N'Zue; Enrique Delamonica
260 ## - PUBLICATION, DISTRIBUTION, ETC.
Place of publication, distribution, etc. Norway
Name of publisher, distributor, etc. ibidem-Verlag
Date of publication, distribution, etc. 2020
300 ## - PHYSICAL DESCRIPTION
Extent 341 pages : illustrations
350 ## -
-- 57.97
650 ## - SUBJECT ADDED ENTRY--TOPICAL TERM
Topical term or geographic name entry element CHILD WELFARE--AFRICA
700 ## - ADDED ENTRY--PERSONAL NAME
Personal name N'Zue, Felix Fofana
700 ## - ADDED ENTRY--PERSONAL NAME
Personal name Emeka-Anuna,Chinyere
700 ## - ADDED ENTRY--PERSONAL NAME
Personal name Delamonica, Enrique
700 ## - ADDED ENTRY--PERSONAL NAME
Personal name Enrique,Delamonica
700 ## - ADDED ENTRY--PERSONAL NAME
Personal name Nebie, Gustave
995 ## -
-- MAIN LIBRARY OPEN ACCESS
-- 751584
-- CBU-MAIN LIBRARY (Kitwe)
-- 57.97
-- HV 800 Neb
-- AVAILABLE
-- Dec 7, 2021
-- 751584
-- Main Library Open Access Collection
995 ## -
-- MAIN LIBRARY OPEN ACCESS
-- 751582
-- CBU-MAIN LIBRARY (Kitwe)
-- 57.97
-- HV 800 Neb
-- AVAILABLE
-- Dec 7, 2021
-- 751582
-- Main Library Open Access Collection
995 ## -
-- MAIN LIBRARY OPEN ACCESS
-- 751583
-- CBU-MAIN LIBRARY (Kitwe)
-- 57.97
-- HV 800 Neb
-- AVAILABLE
-- Dec 7, 2021
-- 751583
-- Main Library Open Access Collection
999 ## -
-- 78212
-- 78212
Holdings
Withdrawn status Lost status Source of classification or shelving scheme Damaged status Not for loan Permanent Location Current Location Shelving location Date acquired Total Checkouts Full call number Barcode Date last seen Copy number Price effective from Koha item type
          CBU-MAIN LIBRARY, KITWE. CBU-MAIN LIBRARY, KITWE.   05/03/2023   HV 800 Neb 751584 05/03/2023 1 05/03/2023 MONOGRAPH
          CBU-MAIN LIBRARY, KITWE. CBU-MAIN LIBRARY, KITWE.   05/03/2023   HV 800 Neb 751582 05/03/2023 2 05/03/2023 MONOGRAPH
          CBU-MAIN LIBRARY, KITWE. CBU-MAIN LIBRARY, KITWE.   05/03/2023   HV 800 Neb 751583 05/03/2023 3 05/03/2023 MONOGRAPH